Avenues de la Place Charles-de-Gaulle - Statistiques

Statistiques générales
  • Ce quiz a été pris 41 fois
  • Le résultat moyen est 8 sur 12
Statistiques - réponses
Réponse % Correct
Avenue des Champs-Elysées
97%
Avenue Foch
84%
Avenue de la Grande-Armée
76%
Avenue de Friedland
74%
Avenue Hoche
68%
Avenue Kléber
68%
Avenue de Wagram
66%
Avenue d'Iéna
66%
Avenue Victor-Hugo
63%
Avenue Marceau
55%
Avenue Mac-Mahon
53%
Avenue Carnot
50%
Aucun quiz correspondant
Distribution des résultats
% des personnes avec chaque résultat
Percentile par nombre de réponses
Votre historique - résultats
Vous n’avez pas pris ce quiz